<?xml version="1.0" encoding="UTF-8"?><?xml-stylesheet type="text/xsl" href="static/style.xsl"?><OAI-PMH xmlns="http://www.openarchives.org/OAI/2.0/" xmlns:xsi="http://www.w3.org/2001/XMLSchema-instance" xsi:schemaLocation="http://www.openarchives.org/OAI/2.0/ http://www.openarchives.org/OAI/2.0/OAI-PMH.xsd"><responseDate>2026-04-13T03:05:54Z</responseDate><request verb="GetRecord" identifier="oai:www.recercat.cat:2117/102314" metadataPrefix="marc">https://recercat.cat/oai/request</request><GetRecord><record><header><identifier>oai:recercat.cat:2117/102314</identifier><datestamp>2025-07-22T20:40:42Z</datestamp><setSpec>com_2072_1033</setSpec><setSpec>col_2072_452951</setSpec></header><metadata><record xmlns="http://www.loc.gov/MARC21/slim" xmlns:dcterms="http://purl.org/dc/terms/" xmlns:xsi="http://www.w3.org/2001/XMLSchema-instance" xmlns:doc="http://www.lyncode.com/xoai" xsi:schemaLocation="http://www.loc.gov/MARC21/slim http://www.loc.gov/standards/marcxml/schema/MARC21slim.xsd">
   <leader>00925njm 22002777a 4500</leader>
   <datafield ind2=" " ind1=" " tag="042">
      <subfield code="a">dc</subfield>
   </datafield>
   <datafield ind2=" " ind1=" " tag="720">
      <subfield code="a">Guijarro Rebato, Martí</subfield>
      <subfield code="e">author</subfield>
   </datafield>
   <datafield ind2=" " ind1=" " tag="260">
      <subfield code="c">2016-05</subfield>
   </datafield>
   <datafield ind2=" " ind1=" " tag="520">
      <subfield code="a">El presente proyecto trata del estudio, análisis y mejora del módulo CAJA DE VUELO del&#xd;
equipo ECOPACK. El equipo ECOPACK es una máquina de separación de residuos&#xd;
mediante visión artificial, la cual permite separar, dentro de un flujo de material entrante, los&#xd;
materiales plásticos que pueda llevar mediante electroválvulas de aire. Estos materiales&#xd;
“objetivo vendrían a ser productos como botellas de agua, bandejas de alimentos, bolsas&#xd;
de plástico, botellas de detergente, embalajes de porexpan, etc.&#xd;
Dentro del equipo ECOPACK, el módulo CAJA DE VUELO, es la parte del equipo que&#xd;
recepciona los flujos de materiales separados en el proceso anterior, los cuales van a gran&#xd;
velocidad y con una trayectoria dispersa.&#xd;
La empresa propietaria del equipo nos la ha puesto a disposición una de sus máquinas de&#xd;
prueba para poderla analizar, diciéndonos que, según fuentes internas, el equipo puede&#xd;
llegar a perder hasta un 5% de rendimiento en el módulo CAJA DE VUELO.&#xd;
El objetivo del proyecto es mejorar el módulo CAJA DE VUELO aumentando su&#xd;
rendimiento, para ello el proceso que se sigue para lograrlo es el siguiente:&#xd;
 Se estudia el producto existente, para así familiarizarse con el producto. Se realizan&#xd;
unas pruebas de rendimiento para conocer el porcentaje de separación de materiales&#xd;
que dispone el producto inicial.&#xd;
 Se pasa a estudiar lo que ocurre dentro del módulo caja de vuelo durante su&#xd;
funcionamiento, analizando las trayectorias que toman los materiales, tanto los que son&#xd;
separados (plásticos) como los que no. También se analiza la forma actual del equipo,&#xd;
y se realiza un estudio de fluidos para observar cómo actúa el aire dentro del equipo.&#xd;
Se observa que los materiales al ser separados toman trayectorias muy dispersas,&#xd;
generan muchas turbulencias dentro del equipo y no acaban de separarse de manera&#xd;
correcta, por lo que, como solución a esta problemática, se busca un diseño alternativo&#xd;
a la caja de vuelo actual.&#xd;
 Teniendo en cuenta las investigaciones realizadas, se diseña una nueva caja de vuelo&#xd;
que permite recepcionar mejor los materiales lanzados encauzando mejor los dos flujos&#xd;
entrantes (material soplado y materiales no soplados), permitiendo realizar un equipo&#xd;
más contenido en tamaño al inicial y más aerodinámico.&#xd;
 Posteriormente se realiza un estudio sobre el nuevo producto, sacando a la luz&#xd;
pequeños errores que se solventan realizando una revisión del nuevo producto.&#xd;
Como conclusión se extrae que se ha realizado un nuevo producto robusto y más eficaz&#xd;
que el anterior, reduciendo el volumen del equipo más de un 50%, reduciendo el peso en&#xd;
más de un 40%, el cual recepciona mejor el material lanzado y permite, de esta manera&#xd;
aumentar el rendimiento del equipo ECOPACK.</subfield>
   </datafield>
   <datafield tag="653" ind2=" " ind1=" ">
      <subfield code="a">Àrees temàtiques de la UPC::Desenvolupament humà i sostenible::Enginyeria ambiental::Tractament dels residus</subfield>
   </datafield>
   <datafield tag="653" ind2=" " ind1=" ">
      <subfield code="a">Àrees temàtiques de la UPC::Enginyeria mecànica</subfield>
   </datafield>
   <datafield tag="653" ind2=" " ind1=" ">
      <subfield code="a">Source separation (Recycling)</subfield>
   </datafield>
   <datafield tag="653" ind2=" " ind1=" ">
      <subfield code="a">Artificial vision</subfield>
   </datafield>
   <datafield tag="653" ind2=" " ind1=" ">
      <subfield code="a">Máquina</subfield>
   </datafield>
   <datafield tag="653" ind2=" " ind1=" ">
      <subfield code="a">Reciclaje</subfield>
   </datafield>
   <datafield tag="653" ind2=" " ind1=" ">
      <subfield code="a">Estudio</subfield>
   </datafield>
   <datafield tag="653" ind2=" " ind1=" ">
      <subfield code="a">Rendimiento</subfield>
   </datafield>
   <datafield tag="653" ind2=" " ind1=" ">
      <subfield code="a">Separación</subfield>
   </datafield>
   <datafield tag="653" ind2=" " ind1=" ">
      <subfield code="a">Mejora</subfield>
   </datafield>
   <datafield tag="653" ind2=" " ind1=" ">
      <subfield code="a">Rediseño</subfield>
   </datafield>
   <datafield tag="653" ind2=" " ind1=" ">
      <subfield code="a">Modelaje</subfield>
   </datafield>
   <datafield tag="653" ind2=" " ind1=" ">
      <subfield code="a">Fabricación</subfield>
   </datafield>
   <datafield tag="653" ind2=" " ind1=" ">
      <subfield code="a">Residus -- Recollida selectiva</subfield>
   </datafield>
   <datafield tag="653" ind2=" " ind1=" ">
      <subfield code="a">Visió artificial (Robòtica) -- Aplicacions industrials</subfield>
   </datafield>
   <datafield ind2="0" ind1="0" tag="245">
      <subfield code="a">Diseño de un sistema de separación de materiales mediante visión artificial</subfield>
   </datafield>
</record></metadata></record></GetRecord></OAI-PMH>